000
00335nam a2200145Ia 4500
008
150201s2010 xx 000 0 und d
082
_a
611
_b
C10R
100
_a
RAYAPATI , S. JNANESH
245
_a
CLINICALLY ORIENTED ANATOMY
250
_a
1ST
260
_b
CBS
_a
DELHI
_c
2010
300
_a
317
650
_a
ANATOMY
942
_2
ddc
_c
BK
999
_c
1936
_d
1936